00557nam a2200157 a 450000100100000000500170001000800410002704000250006808200160009310000310010924500810014026000390022130000340026050400730029450400320036700002764320240229073944.0110404s19uu dr ab 000 0 spa d aDO-SdBNPbspacBNPHU axxxxbC531s1 aChez Checo, José,d1949-10aSignificación histórica del sermón de montesinos /cJosé Chez Checo. aSanto Domingo :bTaller,c[19--?]. a201 p. :bil., map. ;c23 cm. aIncluye referencias bibliográficas y notas al pie de las páginas aBibliografía : p. 200-201